01352nam a2200301Ia 4500001001100000003000800011006001900019007001500038008004100053010001700094020001500111040002100126035002100147050002400168100005000192245007600242260004800318300005900366490003800425500002800463500013700491533015200628650003800780651006100818655002900879710001700908856012500925ebr5003682CaPaEBRm u cr cn|||||||||830419r20011885maubce s 000 0 eng d z 02008316  z1582185530 aCaPaEBRcCaPaEBR a(OCoLC)13316922114aE473.7b.P66 2001eb1 aPond, George E.q(George Edward),d1837-1899.14aThe Shenandoah Valley in 1864h[electronic resource] /cGeorge E. Pond. aScituate, Mass. :bDigital Scanning,c2001. axiv, 307 p. :bincl. maps. fornt., port., fold. plans.0 aThe Army in the Civil War ;vv.11 a"As published in 1885." aOriginally published: The Army in the Civil War. Volume XI: The Shenandoah Valley in 1864. New York: C. Scirbner's Sons, 1882, 1885. aElectronic reproduction.bPalo Alto, Calif. :cebrary,d2013.nAvailable via World Wide Web.nAccess may be limited to ebrary affiliated libraries. 0aShenandoah Valley Campaign, 1861. 0aUnited StatesxHistoryyCivil War, 1861-1865xCampaigns. 7aElectronic books.2local2 aebrary, Inc.40uhttp://site.ebrary.com/lib/rucke/Doc?id=5003682zAn electronic book accessible through the World Wide Web; click to view